ا ر د و نا و ل سما جی پس منظر ميں (Record no. 174305)

MARC details
000 -LEADER
fixed length control field 00814nam a22001937a 4500
005 - DATE AND TIME OF LATEST TRANSACTION
control field 20200603125324.0
010 ## - LCCN (DPL NO)
LC control number UR-10775
020 ## - INTERNATIONAL STANDARD BOOK NUMBER
Terms of availability 600.00
International Standard Book Number -
035 ## - SYSTEM CONTROL NUMBER
System control number U-9330
037 ## - SOURCE OF ACQUISITION
Source of stock number/acquisition DBAD/PUB
Stock number -
082 ## - DEWEY DECIMAL CLASSIFICATION NUMBER
Classification number 843.320
100 ## - MAIN ENTRY--PERSONAL NAME
Personal name بيگم ر ضيہ سلطا نہ سید صا حب حسين پير ز ا د ے
245 ## - TITLE STATEMENT
Title ا ر د و نا و ل سما جی پس منظر ميں
Statement of responsibility, etc بيگم ر ضيہ سلطا نہ سید صا حب حسين پير ز ا د ے
246 ## - VARYING FORM OF TITLE
Remainder of title Urdu Novel Samaji Pase Manzar Main (Urdu)
Title proper/short title by Razia Sultana Syed Sahab Hussain Peerzade
260 ## - PUBLICATION, DISTRIBUTION, ETC. (IMPRINT)
Place of publication, distribution, etc Delhi
Name of publisher, distributor, etc Educational Publishing House
Date of publication, distribution, etc 2018 ء
270 ## - ADDRESS
Address 3191,Vakil Street,Kucha Pandit Lal Kuan,
City Delhi
Postal code 110006
Telephone number 23216162
Fax number -
300 ## - PHYSICAL DESCRIPTION
Extent 278 ص
Dimensions 22 Cm(Hb)
942 ## - ADDED ENTRY ELEMENTS (KOHA)
Source of classification or shelving scheme Dewey Decimal Classification
Item type Urdu Bks
Classification part 843.320
Call number suffix ر ض ی
Holdings
Withdrawn status Lost status Not for loan Collection code Home library Current library Date acquired Source of acquisition Cost, normal purchase price Full call number Barcode Copy number Cost, replacement price Koha item type
      Non-fiction Central Library Central Library 03/06/2020 DBAD/PUB 600.00 843.320 ر ض ی U-9330 1 600.00 Urdu Bks

© Delhi Public Library
Hit Counter
free hit counter